A microeconomic analysis of wage determination in the Canadian public sector (Registro nro. 25639)
[ vista simple ]
| 000 -LEADER | |
|---|---|
| fixed length control field | 00459 a2200145 4500 |
| 001 - CONTROL NUMBER | |
| control field | ART_11558 |
| 005 - DATE AND TIME OF LATEST TRANSACTION | |
| control field | 20260410161858.0 |
| 008 - FIXED-LENGTH DATA ELEMENTS--GENERAL INFORMATION | |
| fixed length control field | 260409a |
| 100 1# - MAIN ENTRY--PERSONAL NAME | |
| Personal name | Auld, D.A.L. |
| 245 10 - TITLE STATEMENT | |
| Title | A microeconomic analysis of wage determination in the Canadian public sector |
| 700 1# - ADDED ENTRY--PERSONAL NAME | |
| Personal name | Christofides, L.N. |
| 700 1# - ADDED ENTRY--PERSONAL NAME | |
| Personal name | Swidinsky, R. |
| 700 1# - ADDED ENTRY--PERSONAL NAME | |
| Personal name | Wilton, D.A. |
| 773 0# - HOST ITEM ENTRY | |
| Title | Journal of public economics |
| Related parts | - Vol. 13, Nº 3 (jun. 1980) |
| Record control number | REV11485 |
No hay ítems disponibles.